| 000 | 00763nam a2200253 i 4500 | ||
|---|---|---|---|
| 001 | bg | ||
| 100 | 1 | _aŁYSAKOWSKI, Waldemar | |
| 245 | 1 | 0 |
_aUstawa o zamówieniach publicznych : _bkomentarz / _cWaldemar Łysakowski, Jerzy Pieróg. |
| 250 |
_a2 wyd. _a[stan prawny 15 sierpnia 1998 r.]. |
||
| 260 |
_aWarszawa : _bC. H. Beck, _c1998. |
||
| 300 |
_aXIII, 340 s. ; _c20 cm. |
||
| 490 | 1 | _aKrótkie Komentarze Becka | |
| 504 | _aIndeks. | ||
| 650 | 9 |
_aZamówienia publiczne _xprawo _zPolska _ystan na 1998 r. |
|
| 700 | 1 | _aPIERÓG, Jerzy | |
| 830 | _aKrótkie Komentarze Becka | ||
| 020 | _a8371102283 | ||
| 040 | _cBPK | ||
| 041 | 0 | _apl | |
| 080 | _a351.712(438) | ||
| 920 | _a83-7110-228-3 | ||
| 942 | _cKS | ||
| 008 | s pl f |000 0 pol | ||
| 999 |
_c34550 _d34550 |
||
| 856 |
_uhttp://koha.tu.koszalin.pl/cgi-bin/koha/opac-detail.pl?biblionumber=34550 _yKatalog online BPK |
||